[Event "DEM U10/U10w 2015"]
[Site "Willingen GER"]
[Date "2015.05.27"]
[Round "7"]
[White "Volk, Oskar"]
[Black "Farokhi, Keyvan"]
[Result "0-1"]
[Termination "time forfeit"]
[Board "27"]
[WhiteElo "1078"]
[BlackElo "1262"]
[PlyCount "48"]
[WhiteFideId "16242645"]
[BlackFideId "12998630"]
[EventCountry "GER"]
[EventRounds "11"]
[EventType "swiss"]
[EventDate "2015.05.23"]

1. e4 e5 2. f4 d5 3. exd5 exf4 4. Qf3 Bd6 5. g3 fxg3 6. hxg3 Nf6 7. Nc3 Bg4 8.
Qe3+ Qe7 9. Qxe7+ Bxe7 10. d4 Bd6 11. Bf4 Bb4 12. Bd2 Bxc3 13. Bxc3 Nxd5 14.
Bd2 O-O 15. Bg2 Re8+ 16. Kf2 c6 17. c4 Nf6 18. Re1 Nbd7 19. Bf4 Rxe1 20. Kxe1
Re8+ 21. Kf1 Ne4 22. Nf3 h6 23. Ne5 Nxe5 24. dxe5 Nc5 0-1

[Event "DEM U10/U10w 2015"]
[Site "Willingen GER"]
[Date "2015.05.27"]
[Round "7"]
[White "Reichelt, Lena"]
[Black "Handschuh, Felix"]
[Result "1/2-1/2"]
[Termination "normal"]
[Board "28"]
[WhiteElo "1285"]
[BlackElo "1114"]
[PlyCount "59"]
[WhiteFideId "12981184"]
[BlackFideId "12997447"]
[EventCountry "GER"]
[EventRounds "11"]
[EventType "swiss"]
[EventDate "2015.05.23"]

1. d4 Nc6 2. e4 d6 3. Nc3 Bd7 4. Bb5 Nf6 5. Bg5 e6 6. Bxc6 Bxc6 7. Qe2 Be7 8.
Nf3 O-O 9. O-O-O Re8 10. Nd2 h6 11. Bh4 d5 12. Bxf6 Bxf6 13. e5 Bg5 14. Rdf1
Bxd2+ 15. Qxd2 a6 16. f4 f6 17. g4 Qd7 18. h4 Rf8 19. Rfg1 fxe5 20. fxe5 Qf7
21. g5 hxg5 22. hxg5 Qf4 23. Rg2 Qxd2+ 24. Kxd2 Rf5 25. g6 Raf8 26. Nd1 Be8 27.
a4 Rf1 28. Rh3 R1f3 29. Rh1 Rf1 30. Rh3 1/2-1/2

[Event "DEM U10/U10w 2015"]
[Site "Willingen GER"]
[Date "2015.05.27"]
[Round "7"]
[White "Orlova, Alicia"]
[Black "Dietz, Kristin"]
[Result "0-1"]
[Termination "normal"]
[Board "29"]
[WhiteElo "1110"]
[BlackElo "1249"]
[PlyCount "112"]
[WhiteFideId "34154563"]
[BlackFideId "12993743"]
[EventCountry "GER"]
[EventRounds "11"]
[EventType "swiss"]
[EventDate "2015.05.23"]

1. e4 c5 2. Nc3 Nc6 3. g3 g6 4. Bg2 Bg7 5. d3 d6 6. Be3 e5 7. Qd2 Nge7 8. Bh6
O-O 9. Bxg7 Kxg7 10. Nge2 Be6 11. O-O Qd7 12. Nd1 d5 13. Qc3 Qd6 14. exd5 Bxd5
15. Ne3 Bxg2 16. Nxg2 Rac8 17. Kh1 Nd4 18. Nxd4 cxd4 19. Qd2 Qc6 20. Qe2 f6 21.
Rac1 Nf5 22. c4 h5 23. Qe4 Qxe4 24. dxe4 Nd6 25. f3 Nxc4 26. b3 Nd2 27. Rfd1
Nxf3 28. Nh4 Rxc1 29. Rxc1 Nxh4 30. gxh4 f5 31. Rc7+ Kg8 32. Re7 f4 33. Rxe5
Rd8 34. Rg5 Kf7 35. Rg1 Re8 36. Re1 Kf6 37. Kg2 g5 38. hxg5+ Kxg5 39. Kh3 d3
40. Rd1 Rxe4 41. Rxd3 b6 42. Rd5+ Kg6 43. Rd6+ Kf5 44. Rd5+ Re5 45. Rxe5+ Kxe5
46. Kg2 Ke4 47. Kf2 f3 48. h4 a6 49. a3 a5 50. a4 Kf4 51. Kf1 Kg3 52. Kg1 Kxh4
53. Kf2 Kg4 54. Kg1 Kg3 55. Kh1 f2 56. b4 f1=Q# 0-1

[Event "DEM U10/U10w 2015"]
[Site "Willingen GER"]
[Date "2015.05.27"]
[Round "7"]
[White "Liu, Sijia Anna"]
[Black "Sklarski, Lior"]
[Result "1-0"]
[Termination "normal"]
[Board "30"]
[WhiteElo "1147"]
[BlackElo "1087"]
[PlyCount "59"]
[WhiteFideId "12989746"]
[BlackFideId "12987077"]
[EventCountry "GER"]
[EventRounds "11"]
[EventType "swiss"]
[EventDate "2015.05.23"]

1. e4 e6 2. d4 d5 3. Nd2 c5 4. c3 Nc6 5. Ngf3 Qb6 6. Nb3 Bd7 7. e5 Nge7 8. Bf4
Nf5 9. g4 Nfe7 10. Be3 c4 11. Bxc4 dxc4 12. d5 Qb5 13. dxc6 Bxc6 14. a4 Bxf3
15. axb5 Bxd1 16. Rxd1 cxb3 17. O-O Nd5 18. c4 Nxe3 19. fxe3 Bc5 20. Rf3 O-O
21. Kh1 Rfd8 22. Rdf1 Rd7 23. h4 b6 24. h5 h6 25. Rg3 Rad8 26. g5 Kh7 27. gxh6
Kxh6 28. Kg2 Rd3 29. Kf2 Kxh5 30. Rh1# 1-0

[Event "DEM U10/U10w 2015"]
[Site "Willingen GER"]
[Date "2015.05.27"]
[Round "7"]
[White "Gehle, Joshua"]
[Black "Zwecker, Hagen"]
[Result "0-1"]
[Termination "normal"]
[Board "31"]
[WhiteElo "948"]
[BlackElo "1145"]
[PlyCount "120"]
[WhiteFideId "16273753"]
[BlackFideId "12991007"]
[EventCountry "GER"]
[EventRounds "11"]
[EventType "swiss"]
[EventDate "2015.05.23"]

1. e4 e5 2. Nf3 Nf6 3. Nc3 Nc6 4. Bc4 Bb4 5. O-O d6 6. d3 Bg4 7. Be3 Qd7 8. a3
Ba5 9. Rb1 Bb6 10. Re1 O-O 11. b4 Nd4 12. Bxd4 Bxd4 13. Rb3 c6 14. a4 a6 15.
Ra3 b5 16. Bb3 Bxc3 17. Re3 Bxb4 18. Ra1 Rfe8 19. axb5 axb5 20. Rb1 Bc5 21. Re1
Qa7 22. Rf1 Qb6 23. h3 Bh5 24. g4 Bxg4 25. hxg4 Nxg4 26. Qe2 Bxf2+ 27. Rxf2
Qxf2+ 28. Qxf2 Nxf2 29. Kxf2 Kf8 30. Ng5 f6 31. Ne6+ Ke7 32. Nc7 g5 33. Nxa8
Rxa8 34. Rh1 Rh8 35. c3 g4 36. Kg3 h5 37. Bd1 Ra8 38. Rxh5 Ra3 39. Bxg4 Rxc3
40. Rh7+ Kf8 41. Kh4 Rxd3 42. Kh5 Re3 43. Bf5 Rg3 44. Kh6 b4 45. Rb7 c5 46. Be6
Ke8 47. Kh5 Kd8 48. Rd7+ Ke8 49. Rxd6 Ke7 50. Rb6 Rc3 51. Kg4 c4 52. Bd5 b3 53.
Re6+ Kd7 54. Rxf6 b2 55. Rb6 Rb3 56. Rf6 b1=Q 57. Rf7+ Ke8 58. Kf5 Rf3+ 59. Ke6
Qb6+ 60. Kxe5 Rxf7 0-1

[Event "DEM U10/U10w 2015"]
[Site "Willingen GER"]
[Date "2015.05.27"]
[Round "7"]
[White "Breß, Amy Charlize"]
[Black "Reuter, Elisa"]
[Result "0-1"]
[Termination "normal"]
[Board "32"]
[WhiteElo "941"]
[BlackElo "1133"]
[PlyCount "69"]
[WhiteFideId "16233786"]
[BlackFideId "12995444"]
[EventCountry "GER"]
[EventRounds "11"]
[EventType "swiss"]
[EventDate "2015.05.23"]

1. e4 c5 2. Nf3 Nc6 3. d4 cxd4 4. Nxd4 g6 5. Nc3 Bg7 6. Nf3 d6 7. Bc4 Nf6 8.
Be3 Qa5 9. O-O O-O 10. Qd2 Qb4 11. Qd3 Na5 12. Bb3 Nxb3 13. axb3 Bd7 14. Bxa7
Rfc8 15. Bd4 e5 16. Be3 Rxa1 17. Rxa1 Bc6 18. Nd5 Bxd5 19. exd5 Qe4 20. Qxe4
Nxe4 21. c4 h6 22. Nh4 Rb8 23. f3 Nf6 24. f4 e4 25. h3 b5 26. Bc1 bxc4 27. bxc4
Nd7 28. Ra7 Nc5 29. g4 Nd3 30. Be3 Bxb2 31. g5 h5 32. f5 Ne5 33. Bf4 Bd4+ 34.
Kg2 Bxa7 35. Bxe5 0-1

[Event "DEM U10/U10w 2015"]
[Site "Willingen GER"]
[Date "2015.05.27"]
[Round "7"]
[White "Rashba, David"]
[Black "von Rosen, Jakob"]
[Result "1/2-1/2"]
[Termination "normal"]
[Board "33"]
[WhiteElo "1130"]
[BlackElo "1124"]
[PlyCount "141"]
[WhiteFideId "16205499"]
[BlackFideId "12982989"]
[EventCountry "GER"]
[EventRounds "11"]
[EventType "swiss"]
[EventDate "2015.05.23"]

1. e4 c5 2. Nf3 d6 3. c4 Nf6 4. Nc3 g6 5. d3 Bg7 6. h3 Nc6 7. Be3 O-O 8. Be2
Bd7 9. O-O a6 10. Qd2 Rb8 11. Bf4 b5 12. cxb5 axb5 13. e5 dxe5 14. Nxe5 Nxe5
15. Bxe5 Rc8 16. Bf3 Ne4 17. dxe4 Bxe5 18. Be2 b4 19. Nd1 Bc6 20. Qxd8 Rfxd8
21. Bf3 Rd2 22. Rb1 Ra8 23. a3 bxa3 24. bxa3 Rxa3 25. Rb6 Ba8 26. Rb5 Bd4 27.
Rb8+ Kg7 28. Ne3 Bxe3 29. fxe3 c4 30. Kh2 c3 31. Rc8 c2 32. Rc1 Ra2 33. Kg3 Bb7
34. Rc7 Ba6 35. e5 Bd3 36. Rxe7 Rb2 37. Rc7 Rb1 38. R1xc2 Rxc2 39. Ra7 Bf5 40.
e6 Bxe6 41. Be4 Rc3 42. Bxb1 Rxe3+ 43. Kf2 Rb3 44. Be4 Kf6 45. Ra5 h5 46. Bf3
h4 47. Rc5 Rb2+ 48. Kg1 g5 49. Ra5 Ra2 50. Rxa2 Bxa2 51. Kf2 Kf5 52. Bg4+ Kf4
53. Bh5 f6 54. Be2 f5 55. Bd1 Be6 56. Ba4 g4 57. hxg4 fxg4 58. Bd1 g3+ 59. Kg1
h3 60. gxh3 Bxh3 61. Ba4 Ke3 62. Bc6 Ke2 63. Bb7 Ke3 64. Bc6 Kf4 65. Bb7 Kg4
66. Bc8+ Kh4 67. Bb7 Bg4 68. Bc6 Be2 69. Bb7 Kg4 70. Kg2 Bb5 71. Ba8 1/2-1/2

[Event "DEM U10/U10w 2015"]
[Site "Willingen GER"]
[Date "2015.05.27"]
[Round "7"]
[White "Wiemann, Vanessa"]
[Black "Bashylina, Luisa"]
[Result "1/2-1/2"]
[Termination "normal"]
[Board "34"]
[WhiteElo "1229"]
[BlackElo "1223"]
[PlyCount "62"]
[WhiteFideId "12942987"]
[BlackFideId "12983292"]
[EventCountry "GER"]
[EventRounds "11"]
[EventType "swiss"]
[EventDate "2015.05.23"]

1. e4 e5 2. Bc4 d6 3. d3 Be7 4. Nc3 Nf6 5. f4 O-O 6. Nf3 Nc6 7. O-O a6 8. Qe1
Bg4 9. h3 Bxf3 10. Rxf3 Nd4 11. Rf2 Nd7 12. Qd1 Nc5 13. f5 c6 14. Be3 Nb5 15.
Bxc5 dxc5 16. Bxb5 axb5 17. Qg4 c4 18. Rf3 b4 19. Ne2 b3 20. cxb3 cxb3 21. a3
Re8 22. Rc1 f6 23. Rc3 Qb6+ 24. Kh1 Rad8 25. Rg3 Bf8 26. Nc1 Qf2 27. Ne2 Qb6
28. Nc1 Qf2 29. Ne2 Qb6 30. Nc1 Qf2 31. Ne2 Qb6 1/2-1/2

[Event "DEM U10/U10w 2015"]
[Site "Willingen GER"]
[Date "2015.05.27"]
[Round "7"]
[White "Schneider, Anna"]
[Black "Ruppert, Jeremy"]
[Result "0-1"]
[Termination "normal"]
[Board "35"]
[WhiteElo "1060"]
[BlackElo "1147"]
[PlyCount "50"]
[WhiteFideId "16200527"]
[EventCountry "GER"]
[EventRounds "11"]
[EventType "swiss"]
[EventDate "2015.05.23"]

1. e4 e5 2. Nf3 Nc6 3. d4 exd4 4. Bc4 Nf6 5. e5 d5 6. Bb5 Ne4 7. Nxd4 Bd7 8. f3
Nxd4 9. Bxd7+ Qxd7 10. Qxd4 Bc5 11. Qd3 Nf2 12. Qf1 Qf5 13. Rg1 Qxe5+ 14. Qe2
Ne4 15. Kf1 Qxh2 16. Be3 Ng3+ 17. Ke1 Nxe2 18. Kxe2 Bxe3 19. Re1 O-O 20. Kxe3
Rae8+ 21. Kf2 Rxe1 22. Kxe1 Qxg2 23. Nd2 Re8+ 24. Kd1 Qe2+ 25. Kc1 Qe1# 0-1

[Event "DEM U10/U10w 2015"]
[Site "Willingen GER"]
[Date "2015.05.27"]
[Round "7"]
[White "Röste, Hugo"]
[Black "Heutling, Elina"]
[Result "0-1"]
[Termination "normal"]
[Board "36"]
[WhiteElo "1053"]
[BlackElo "1140"]
[PlyCount "66"]
[WhiteFideId "16247604"]
[BlackFideId "16244729"]
[EventCountry "GER"]
[EventRounds "11"]
[EventType "swiss"]
[EventDate "2015.05.23"]

1. d4 Nf6 2. c4 c5 3. Nc3 Qa5 4. Bd2 cxd4 5. Nb5 Qb6 6. b3 a6 7. Na3 e5 8. Nc2
Nc6 9. e3 d5 10. Nf3 e4 11. Nfxd4 Bc5 12. Nxc6 bxc6 13. Be2 O-O 14. O-O Qc7 15.
cxd5 Nxd5 16. f3 Nf6 17. fxe4 Qe5 18. Bc4 Bd6 19. g3 Bh3 20. Rf2 Nxe4 21. Rf3
Bg4 22. Be2 Qh5 23. Rf2 Nxf2 24. Qe1 Bxg3 25. h4 Ne4 26. Bxg4 Qxg4 27. Kg2 Rad8
28. Ba5 Rd5 29. Bb4 Re8 30. Ba3 Re6 31. Nd4 Rh6 32. Ne2 Rf5 33. Nf4 g5 0-1

[Event "DEM U10/U10w 2015"]
[Site "Willingen GER"]
[Date "2015.05.27"]
[Round "7"]
[White "Wehrle, Maximilian"]
[Black "Wallat, Alexandra"]
[Result "1/2-1/2"]
[Termination "normal"]
[Board "37"]
[WhiteElo "1108"]
[BlackElo "935"]
[PlyCount "71"]
[WhiteFideId "65600347"]
[BlackFideId "16211413"]
[EventCountry "GER"]
[EventRounds "11"]
[EventType "swiss"]
[EventDate "2015.05.23"]

1. e4 e5 2. Nf3 Nf6 3. Nc3 Nc6 4. Bc4 Bc5 5. d3 d6 6. Be3 Bb6 7. O-O Bg4 8. h3
Bh5 9. Bb5 O-O 10. Bg5 Nd4 11. g4 Nxf3+ 12. Qxf3 a6 13. gxh5 axb5 14. Nxb5 c6
15. Nc3 h6 16. Be3 Bxe3 17. fxe3 Qe7 18. Kf2 Nd7 19. Ke2 b5 20. Qg3 b4 21. Rg1
g5 22. Nd1 f6 23. h4 c5 24. hxg5 fxg5 25. Qh3 Rf7 26. Nf2 Raf8 27. Rg2 Rf3 28.
Qxf3 Rxf3 29. Kxf3 Qf7+ 30. Ke2 Qxh5+ 31. Ng4 Nf6 32. Rag1 Nxg4 33. Rxg4 Qh2+
34. R4g2 Qh3 35. Rg3 Qh5+ 36. Rg4 1/2-1/2

[Event "DEM U10/U10w 2015"]
[Site "Willingen GER"]
[Date "2015.05.27"]
[Round "7"]
[White "Kriuckova, Sonia"]
[Black "Baltic, Sara"]
[Result "0-1"]
[Termination "normal"]
[Board "39"]
[WhiteElo "1297"]
[BlackElo "1129"]
[PlyCount "74"]
[WhiteFideId "16204310"]
[BlackFideId "16210409"]
[EventCountry "GER"]
[EventRounds "11"]
[EventType "swiss"]
[EventDate "2015.05.23"]

1. e4 e6 2. d4 d5 3. Nc3 Bb4 4. Bd3 c5 5. exd5 exd5 6. dxc5 Bxc5 7. Nf3 Nc6 8.
O-O Nf6 9. Re1+ Be7 10. Bf4 O-O 11. Qd2 Qb6 12. b3 Bc5 13. Rf1 Bb4 14. a3 Ne4
15. Bxe4 dxe4 16. Ne5 Rd8 17. Qe1 Bd6 18. Nc4 Qc7 19. Bxd6 Qd7 20. Bg3 b6 21.
Rd1 Qe6 22. Rxd8+ Nxd8 23. Qxe4 Qxe4 24. Nxe4 Bb7 25. Nc3 Ba6 26. Re1 h6 27.
Re8+ Kh7 28. Bc7 Rc8 29. Bxd8 b5 30. Nb2 Rxc3 31. Re2 b4 32. Rd2 bxa3 33. Nc4
a2 34. Rd1 Bxc4 35. bxc4 Rxc2 36. Ra1 Rb2 37. Rxa2 Rb1# 0-1

[Event "DEM U10/U10w 2015"]
[Site "Willingen GER"]
[Date "2015.05.27"]
[Round "7"]
[White "Pflugradt, Natalie"]
[Black "Adelhardt, Lisa"]
[Result "0-1"]
[Termination "normal"]
[Board "41"]
[WhiteElo "1120"]
[BlackElo "897"]
[PlyCount "56"]
[WhiteFideId "16212444"]
[BlackFideId "16235380"]
[EventCountry "GER"]
[EventRounds "11"]
[EventType "swiss"]
[EventDate "2015.05.23"]

1. e4 e5 2. Nf3 Nc6 3. Bc4 Nf6 4. d3 h6 5. Nc3 Bc5 6. Be3 Bb6 7. Qd2 d6 8. h3
Be6 9. Bb3 Nd4 10. Bxd4 exd4 11. Ne2 c5 12. O-O Ba5 13. Qc1 Bb6 14. Ng3 O-O 15.
Nh4 Qc7 16. f4 c4 17. dxc4 Bxc4 18. Bxc4 Qxc4 19. Kh2 Rac8 20. Ngf5 Qe6 21.
Nxd6 Qxd6 22. e5 Qe6 23. exf6 Qxf6 24. Nf3 d3 25. c3 Bc7 26. g3 Bd6 27. Kh1 b5
28. Qd2 Qf5 0-1

[Event "DEM U10/U10w 2015"]
[Site "Willingen GER"]
[Date "2015.05.27"]
[Round "7"]
[White "Klühs, Isabel"]
[Black "Kieckbusch, Lotta"]
[Result "1-0"]
[Termination "normal"]
[Board "42"]
[WhiteElo "901"]
[BlackElo "749"]
[PlyCount "57"]
[WhiteFideId "16228944"]
[BlackFideId "16214390"]
[EventCountry "GER"]
[EventRounds "11"]
[EventType "swiss"]
[EventDate "2015.05.23"]

1. d4 d5 2. Nf3 Nc6 3. c3 Nf6 4. Nbd2 Bf5 5. e3 e6 6. a3 Ne4 7. Be2 Bd6 8. O-O
O-O 9. c4 Nxd2 10. Bxd2 dxc4 11. Bxc4 Bg4 12. h3 Bh5 13. Be2 Qf6 14. Qc2 Bxf3
15. Bxf3 Nd8 16. Ba5 Qe7 17. Rac1 c6 18. Be4 f5 19. Bd3 e5 20. Bxf5 g6 21. Be4
Kh8 22. d5 cxd5 23. Bxd5 Rf5 24. e4 Rg5 25. Qd1 Qd7 26. Qf3 Ne6 27. Qf6+ Kg8
28. Bxe6+ Qxe6 29. Qxe6+ 1-0

[Event "DEM U10/U10w 2015"]
[Site "Willingen GER"]
[Date "2015.05.27"]
[Round "7"]
[White "Youness, Sali"]
[Black "Gossing, Marie-Sophie"]
[Result "1-0"]
[Termination "normal"]
[Board "43"]
[WhiteElo "897"]
[BlackElo "762"]
[PlyCount "41"]
[BlackFideId "16217284"]
[EventCountry "GER"]
[EventRounds "11"]
[EventType "swiss"]
[EventDate "2015.05.23"]

1. e4 e5 2. Nf3 Nc6 3. Bc4 Bc5 4. Nc3 Nf6 5. d3 h6 6. Be3 Bxe3 7. fxe3 O-O 8.
O-O d6 9. Nh4 Bg4 10. Qe1 Re8 11. h3 Bxh3 12. gxh3 Qd7 13. Qg3 Nh5 14. Qf3 Rf8
15. Qxh5 Qxh3 16. Rf3 Qc8 17. Rg3 g6 18. Nxg6 Re8 19. Ne7+ Kh8 20. Nxc8 Rexc8
21. Qxh6# 1-0